Deporte /
La vocación se manifiesta de distintas maneras y el deporte es una de ellas. Si bien el elemento central del deporte es el juego y este es una actividad libre, porque jugamos por placer, el deporte también es competencia, salud, autosuperación, conexión con nuestro cuerpo, esfuerzo, compañerismo, ed...
Guardado en:
| Autor Principal: | |
|---|---|
| Autor Corporativo: | |
| Otros Autores: | |
| Formato: | |
| Publicado: |
Argentina,
2012
|
| Series: | Conectados
|
| Materias: | |
| Acceso en línea: | https://www.educ.ar/recursos/104019/deporte |
| Etiquetas: |
Agregar Etiqueta
Sin Etiquetas, Sea el primero en etiquetar este registro!
|
| LEADER | 01496ngm a22003735g 4500 | ||
|---|---|---|---|
| 001 | CEM.cems024179 | ||
| 008 | 130507s2012##################0###0#####d | ||
| 005 | 20250904203843.0 | ||
| 245 | 1 | 0 | |a Deporte / |c Carolina Soccol, Guillermina de Rosa y Paula Lorenzo. |
| 260 | |a Argentina, |c 2012 | ||
| 300 | |a 26'. | ||
| 490 | 0 | |a Conectados | |
| 538 | |a Soporte: DVD - Grabación DRD | ||
| 520 | |a La vocación se manifiesta de distintas maneras y el deporte es una de ellas. Si bien el elemento central del deporte es el juego y este es una actividad libre, porque jugamos por placer, el deporte también es competencia, salud, autosuperación, conexión con nuestro cuerpo, esfuerzo, compañerismo, educación e incluso, en algunos casos, vocación. Rodrigo de la Serna nos propone disfrutar de este tiempo y de este espacio que todos nos merecemos. | ||
| 500 | |a Consultar en ventanilla. | ||
| 100 | 1 | |a Soccol, Carolina. | |
| 710 | 2 | |a Canal Encuentro. | |
| 700 | 1 | |a de la Serna, Rodrigo; Presentador. | |
| 082 | 3 | 0 | |/ SOC-2 |
| 653 | |a CONECTAD@S | ||
| 653 | |a SOCIOLOGÍA | ||
| 653 | |a ADOLESCENTES | ||
| 653 | |a DEPORTE | ||
| 653 | |a VOCACIÓN | ||
| 653 | |a JUEGO | ||
| 653 | |a PATÍN | ||
| 653 | |a PARAPENTE | ||
| 653 | |a FÚTBOL | ||
| 653 | |a RUGBY | ||
| 653 | |a HÓCKEY SOBRE PATINES | ||
| 653 | |a BMX | ||
| 653 | |a PROGRAMA DE TELEVISIÓN | ||
| 856 | |u https://www.educ.ar/recursos/104019/deporte | ||
| 859 | |a CEMS |b BIB. CEMS - Depto. Recursos Didacticos |h 301 |i SOC-2 |k DRD |p 2822.19 |t Ej.1 | ||
